<?xml version="1.0" encoding="UTF-8"?>
<record
    xmlns:xsi="http://www.w3.org/2001/XMLSchema-instance"
    xsi:schemaLocation="http://www.loc.gov/MARC21/slim http://www.loc.gov/standards/marcxml/schema/MARC21slim.xsd"
    xmlns="http://www.loc.gov/MARC21/slim">

  <leader>02004cam a22003377a 4500</leader>
  <controlfield tag="001">4195</controlfield>
  <controlfield tag="003">FISKH</controlfield>
  <controlfield tag="005">20240626151959.0</controlfield>
  <controlfield tag="008">091102s2008    nyua   j      000 1 eng  </controlfield>
  <datafield tag="010" ind1=" " ind2=" ">
    <subfield code="a">  2009279571</subfield>
  </datafield>
  <datafield tag="020" ind1=" " ind2=" ">
    <subfield code="a">9781597071055</subfield>
  </datafield>
  <datafield tag="020" ind1=" " ind2=" ">
    <subfield code="a">9781597071048</subfield>
  </datafield>
  <datafield tag="020" ind1=" " ind2=" ">
    <subfield code="a">1597071056</subfield>
  </datafield>
  <datafield tag="020" ind1=" " ind2=" ">
    <subfield code="a">9781597071048 (pbk.)</subfield>
  </datafield>
  <datafield tag="020" ind1=" " ind2=" ">
    <subfield code="a">1597071048 (pbk.)</subfield>
  </datafield>
  <datafield tag="040" ind1=" " ind2=" ">
    <subfield code="a">DLC</subfield>
    <subfield code="c">DLC</subfield>
    <subfield code="d">DLC</subfield>
    <subfield code="b">eng</subfield>
  </datafield>
  <datafield tag="050" ind1=" " ind2=" ">
    <subfield code="a">PZ7</subfield>
  </datafield>
  <datafield tag="082" ind1=" " ind2=" ">
    <subfield code="a">741.5 </subfield>
  </datafield>
  <datafield tag="100" ind1=" " ind2=" ">
    <subfield code="a">Petrucha, Stefan </subfield>
  </datafield>
  <datafield tag="245" ind1="0" ind2="0">
    <subfield code="a">Tale from the crypt : </subfield>
    <subfield code="b">Crypt-keeping it real! /</subfield>
    <subfield code="c">Stefan Petrucha : writers ; Tim Smith : artists.</subfield>
  </datafield>
  <datafield tag="260" ind1=" " ind2=" ">
    <subfield code="a">New York :</subfield>
    <subfield code="b">Papercutz,</subfield>
    <subfield code="c">2008.</subfield>
  </datafield>
  <datafield tag="300" ind1=" " ind2=" ">
    <subfield code="a">85 unnumbered pages : </subfield>
    <subfield code="b">color illustrations ; </subfield>
    <subfield code="c">19 cm </subfield>
  </datafield>
  <datafield tag="490" ind1=" " ind2=" ">
    <subfield code="a">Tales from the crypt ;</subfield>
    <subfield code="v">Book 4</subfield>
  </datafield>
  <datafield tag="505" ind1="0" ind2=" ">
    <subfield code="a">"You toomb" / Stefan Petrucha, writer ; Tim Smith 3, artist -- "The creditor" / Alex Simmons, writer ; Mort Todd, artist, letterer -- "Dumped" / Scott Lobdell, writer ; Facundo Velilla &amp; Alejandro Cabral, artists ; John McCarthy, letterer -- "Roses bedight" / Stefan Petrucha, writer ; Jeziel Sanchez Martinez, artist ; Sean Taylor, letterer -- "Moonlight sonata" / Joe R. Lansdale &amp; John L. Lansdale, writers ; Chris Noeth, artist ; Bryan Senka, letterer -- "Jumping the shark" / Arie Kaplan, writer ; Mr. Exes, artist ; Mark Lerer, letterer -- "A ripping good time" / Joe R. Landsdale &amp; John L. Lansdale, writers ; James Romberger, artist ; Mark Lerer, letterer -- Ghoulunatic sequences / Jim Salicrup, writer ; Rick Parker, artist, title letterer, colorist ; John McCarthy, letterer -- Preview of "Ignoble rot" / Fred Van Lente, writer ; Mort Todd, artist, letterer.</subfield>
  </datafield>
  <datafield tag="520" ind1=" " ind2=" ">
    <subfield code="a">Presents four horror stories in graphic novel format, including a tale about a reality television series producer who keeps pitching shows from beyond the grave.</subfield>
  </datafield>
  <datafield tag="650" ind1=" " ind2=" ">
    <subfield code="a">Graphic Novel</subfield>
    <subfield code="x">Horror </subfield>
  </datafield>
  <datafield tag="700" ind1="1" ind2=" ">
    <subfield code="a">Smith, Tim,</subfield>
    <subfield code="d">1974-</subfield>
    <subfield code="e">illustrator </subfield>
  </datafield>
  <datafield tag="906" ind1=" " ind2=" ">
    <subfield code="a">7</subfield>
    <subfield code="b">cbc</subfield>
    <subfield code="c">origres</subfield>
    <subfield code="d">4</subfield>
    <subfield code="e">ncip</subfield>
    <subfield code="f">20</subfield>
    <subfield code="g">y-gencatlg</subfield>
  </datafield>
  <datafield tag="942" ind1=" " ind2=" ">
    <subfield code="2">ddc</subfield>
    <subfield code="c">BK</subfield>
    <subfield code="n">0</subfield>
  </datafield>
  <datafield tag="999" ind1=" " ind2=" ">
    <subfield code="c">4195</subfield>
    <subfield code="d">4195</subfield>
  </datafield>
  <datafield tag="952" ind1=" " ind2=" ">
    <subfield code="0">0</subfield>
    <subfield code="1">0</subfield>
    <subfield code="2">ddc</subfield>
    <subfield code="4">0</subfield>
    <subfield code="7">0</subfield>
    <subfield code="8">FIC</subfield>
    <subfield code="a">001</subfield>
    <subfield code="b">001</subfield>
    <subfield code="c">COM</subfield>
    <subfield code="d">2024-06-26</subfield>
    <subfield code="l">0</subfield>
    <subfield code="o">PET 741.5 PZ7 </subfield>
    <subfield code="p">FISTK01024</subfield>
    <subfield code="r">2024-06-26 15:19:56</subfield>
    <subfield code="w">2024-06-26</subfield>
    <subfield code="y">BK</subfield>
  </datafield>
</record>
